000 00643 a2200193 4500
999 _c8976
_d8976
020 _a9781846611575
050 0 0 _aKD2100MCG2009
100 1 _aMcGee, Andrew,
_d1958-
245 1 0 _aShares and share capital under the Companies Act 2006 /
_cAndrew McGee.
264 _aBristol:
_bJordan,
_c2009
300 _axxvi, 220 p. ;
500 _aIncludes index.
650 0 _aStocks
_xLaw and legislation
650 0 _aCorporations
_xFinance
_xLaw and legislation
650 0 _aPrivate companies
_xFinance.
650 0 _aStockholders
_xLegal status, laws, etc.
942 _2lcc
_cBK
_h2100
_iMCG
_kKD